The nuclear test (Record no. 75748)
[ view plain ]
| 000 -LEADER | |
|---|---|
| fixed length control field | 01248cab a2200181 4500 |
| 001 - CONTROL NUMBER | |
| control field | L130635 |
| 008 - FIXED-LENGTH DATA ELEMENTS--GENERAL INFORMATION | |
| fixed length control field | 050819n2005 000 0 eng u |
| 035 ## - SYSTEM CONTROL NUMBER | |
| System control number | (Sirsi) u130635 |
| 041 ## - LANGUAGE CODE | |
| Language code of text/sound track or separate title | eng |
| 100 ## - MAIN ENTRY--PERSONAL NAME | |
| Personal name | Carpenter, Jamie |
| 245 #4 - TITLE STATEMENT | |
| Title | The nuclear test |
| 260 ## - PUBLICATION, DISTRIBUTION, ETC. | |
| Date of publication, distribution, etc. | 2005 |
| 490 ## - SERIES STATEMENT | |
| Series statement | Regeneration and Renewal |
| Volume/sequential designation | 12 August 2005, 18-19(2) |
| 520 ## - SUMMARY, ETC. | |
| Summary, etc. | Examines arguably the toughest brownfield remediation challenge facing regeneration professionals: bringing former nuclear power station sites back into use. Of the 12 operational nuclear power plants in Britain five will be shut down by 2010 and Sizewell B, the final nuclear power station, ceases production in 2035. Considers the special issue of radioactivity and how it can be dealt with in the remediation process. Indicates the possible end uses of former nuclear sites. Looks at the restoration work of the United kingdom Atomic Energy Authority and the special problems presented by Sellafield. Concludes with some insights into the economic regeneration strategies being carried out following the closure of nuclear power sites. Lists the remaining operational nuclear power stations. |
| 590 ## - LOCAL NOTE (RLIN) | |
| Local note | IKA300805 |
| 690 ## - LOCAL SUBJECT ADDED ENTRY--TOPICAL TERM (OCLC, RLIN) | |
| Topical term or geographic name as entry element | PROPERTY-PROPERTY MANAGEMENT-REGENERATION |
| 942 ## - ADDED ENTRY ELEMENTS (KOHA) | |
| Suppress in OPAC | 0 |
| Withdrawn status | Lost status | Source of classification or shelving scheme | Damaged status | Not for loan | Home library | Current library | Shelving location | Date acquired | Total Checkouts | Full call number | Barcode | Date last seen | Copy number | Price effective from | Koha item type |
|---|---|---|---|---|---|---|---|---|---|---|---|---|---|---|---|
| Dewey Decimal Classification | London | London | Journal article | 19/08/2005 | L130635 | 130635-1001 | 06/08/2019 | 1 | 06/08/2019 | Journal article |